[Event "USA tt"]
[Site "ICC INT"]
[Date "2009.09.21"]
[Round "4"]
[White "Charbonneau, Pascal"]
[Black "Gulko, Boris F"]
[Result "0-1"]
[WhiteElo "2509"]
[BlackElo "2546"]
[PlyCount "120"]
[GameId "1166652256129024"]
[EventDate "2009.08.31"]
[EventType "team (rapid)"]
[EventRounds "10"]
[EventCountry "USA"]
[SourceTitle "CBM 132 Extra"]
[Source "ChessBase"]
[SourceDate "2009.11.03"]
[SourceVersion "1"]
[SourceVersionDate "2009.11.03"]
[SourceQuality "1"]

1. e4 c5 2. Nf3 e6 3. d4 cxd4 4. Nxd4 a6 5. Bd3 Bc5 6. Nb3 Be7 7. O-O d6 8. Qg4 g6 9. a4 Nf6 10. Qg3 Nh5 11. Qe3 e5 12. g3 Nd7 13. c4 O-O 14. Nc3 Ndf6 15. f3 Be6 16. Qf2 Rc8 17. Bh6 Ng7 18. Nd2 Nd7 19. Be3 f5 20. exf5 gxf5 21. f4 Nf6 22. Be2 Ng4 23. Bxg4 fxg4 24. Qe2 Qa5 25. Nce4 d5 26. cxd5 Qxd5 27. Nc3 Qa5 28. f5 Rxf5 29. Rxf5 Bxf5 30. Nc4 Qc7 31. Nb6 Re8 32. Ncd5 Qc2 33. Qxc2 Bxc2 34. Nc8 Bd8 35. Nd6 Rf8 36. Nxb7 Be4 37. Rd1 Bf3 38. Rd2 Kf7 39. b4 Ne6 40. b5 axb5 41. axb5 Bg5 42. Nd6+ Kg7 43. Nc4 Rd8 44. Bxg5 Nxg5 45. Nde3 Ra8 46. Nc2 Rf8 47. Nxe5 Be4 48. h4 Nh3+ 49. Kh2 Rf1 50. Rd7+ Kf8 51. Rf7+ Rxf7 52. Nxf7 Kxf7 53. Ne3 h5 54. b6 Ke6 55. Nf5 Kd7 56. b7 Kc7 57. Nd6 Bd5 58. Ne4 Kxb7 59. Nc3 Kc6 60. Ne4 Kb5 0-1

[Event "USA tt"]
[Site "ICC INT"]
[Date "2009.10.05"]
[Round "6"]
[White "Erenburg, Sergey"]
[Black "Charbonneau, Pascal"]
[Result "1-0"]
[WhiteElo "2564"]
[BlackElo "2509"]
[PlyCount "135"]
[GameId "1166652256354304"]
[EventDate "2009.08.31"]
[EventType "team (rapid)"]
[EventRounds "10"]
[EventCountry "USA"]
[SourceTitle "CBM 132 Extra"]
[Source "ChessBase"]
[SourceDate "2009.11.03"]
[SourceVersion "1"]
[SourceVersionDate "2009.11.03"]
[SourceQuality "1"]

1. e4 c5 2. Nf3 e6 3. d4 cxd4 4. Nxd4 a6 5. Bd3 Ne7 6. O-O Nbc6 7. Nxc6 Nxc6 8. Be3 Be7 9. c4 O-O 10. Nc3 b6 11. Na4 Rb8 12. Qe2 Ne5 13. Bf4 d6 14. Nc3 Bb7 15. Rfd1 Qc7 16. Rac1 Rbc8 17. b3 Qb8 18. Bb1 Bc6 19. a4 Rfd8 20. Be3 Nd7 21. f3 Bf6 22. Qd2 Be7 23. Bd3 Ba8 24. Bf1 Nc5 25. Rb1 Bf6 26. Rdc1 Be5 27. Kh1 a5 28. Qf2 Qc7 29. Bg5 Re8 30. Nb5 Qb8 31. Rd1 h6 32. Be3 Red8 33. Bd4 d5 34. exd5 exd5 35. Qh4 Ne6 36. Bxe5 Qxe5 37. Nd4 Nf4 38. Rd2 Qg5 39. Qxg5 hxg5 40. Rbd1 dxc4 41. Bxc4 g4 42. Kg1 gxf3 43. Nxf3 Ne6 44. Ne5 Rxd2 45. Rxd2 Rd8 46. Rxd8+ Nxd8 47. Nd7 Bc6 48. Nxb6 Kf8 49. Ba6 Ne6 50. Nc4 Nc5 51. Nxa5 Bxa4 52. bxa4 Nxa6 53. Nc4 Ke7 54. Kf2 Ke6 55. Ke3 g5 56. Kd4 f5 57. a5 f4 58. h3 Kf5 59. Nd6+ Ke6 60. Ne4 Kf5 61. Nf2 Ke6 62. Kc4 Ke5 63. Kb5 Nb8 64. Nd3+ Ke4 65. Nc5+ Ke3 66. Kb6 Kf2 67. Kb7 Kxg2 68. Kxb8 1-0

[Event "USA tt"]
[Site "ICC INT"]
[Date "2009.10.19"]
[Round "8"]
[White "Charbonneau, Pascal"]
[Black "Schroer, Jonathan"]
[Result "1-0"]
[WhiteElo "2509"]
[BlackElo "2354"]
[PlyCount "169"]
[GameId "1166652256600064"]
[EventDate "2009.08.31"]
[EventType "team (rapid)"]
[EventRounds "10"]
[EventCountry "USA"]
[SourceTitle "CBM 132 Extra"]
[Source "ChessBase"]
[SourceDate "2009.11.03"]
[SourceVersion "1"]
[SourceVersionDate "2009.11.03"]
[SourceQuality "1"]

1. e4 e5 2. Nf3 Nc6 3. Nc3 Nf6 4. Bb5 Bb4 5. O-O O-O 6. d3 d6 7. Bg5 Bxc3 8. bxc3 Qe7 9. Re1 Nd8 10. d4 Ne6 11. Bd2 c5 12. Bd3 Nd7 13. d5 Nf4 14. Bf1 h6 15. g3 Ng6 16. h4 Nf6 17. Nh2 Re8 18. c4 Nh7 19. Bd3 Bd7 20. a4 a5 21. Ng4 Bxg4 22. Qxg4 Nf6 23. Qf3 Nd7 24. Reb1 b6 25. Bf1 Rab8 26. Bh3 Qd8 27. Rb5 Qf6 28. Qg4 Ngf8 29. Ra3 Kh7 30. Qh5 Qe7 31. Rf3 Kg8 32. Rfb3 Nf6 33. Qf3 N6d7 34. Rb1 Red8 35. Kg2 Re8 36. Kh2 Red8 37. R5b3 Re8 38. Bf5 Red8 39. Qg2 Re8 40. Qh3 Red8 41. Kg2 Re8 42. Rh1 Nf6 43. h5 N6d7 44. Qg4 Nf6 45. Qe2 N6d7 46. Rhb1 Red8 47. f4 Re8 48. Rf1 Nf6 49. Qf3 N6d7 50. Bc3 Red8 51. Rf2 Re8 52. Rb1 Red8 53. Rbf1 Re8 54. Re1 Red8 55. Ref1 Re8 56. Bxd7 Nxd7 57. fxe5 dxe5 58. Qxf7+ Qxf7 59. Rxf7 Rbd8 60. R7f5 Re7 61. g4 Rde8 62. Bd2 Nf6 63. Rxf6 gxf6 64. Rxf6 Rf8 65. Rxb6 Rg7 66. Bxh6 Rxg4+ 67. Kh3 Rxe4 68. Rg6+ Kf7 69. Bxf8 Kxf8 70. Rg4 Re1 71. Kh4 e4 72. Kg3 e3 73. Re4 Rc1 74. Rxe3 Rxc2 75. Re4 Kg7 76. Kf4 Ra2 77. Ke5 Rxa4 78. d6 Ra1 79. Kd5 a4 80. Kxc5 a3 81. Re3 a2 82. Re2 Kf7 83. h6 Kg6 84. Rd2 Rd1 85. Rxd1 1-0

[Event "USA tt"]
[Site "ICC INT"]
[Date "2009.10.26"]
[Round "9"]
[White "Charbonneau, Pascal"]
[Black "Enkhbat, Tsendragchaa"]
[Result "1-0"]
[WhiteElo "2509"]
[BlackElo "2253"]
[PlyCount "89"]
[GameId "1166652256702464"]
[EventDate "2009.08.31"]
[EventType "team (rapid)"]
[EventRounds "10"]
[EventCountry "USA"]
[SourceTitle "EXT 2010"]
[Source "ChessBase"]
[SourceDate "2009.11.30"]
[SourceVersion "1"]
[SourceVersionDate "2009.11.30"]
[SourceQuality "1"]

1. e4 c6 2. d4 d5 3. e5 Bf5 4. g4 Bd7 5. c4 Na6 6. cxd5 cxd5 7. Nc3 e6 8. h4 h5 9. gxh5 Nh6 10. Bd3 Qb6 11. Nge2 Nc7 12. a3 a5 13. Na4 Qa7 14. Rg1 Bb5 15. Bc2 Nf5 16. Bxf5 exf5 17. Ng3 Bd7 18. Be3 b5 19. Nc5 Bxc5 20. dxc5 Qa6 21. Rc1 O-O-O 22. c6 Be6 23. Qd4 g6 24. Bg5 Rde8 25. h6 Kb8 26. Ne2 Qa7 27. Qd2 Bc8 28. Bf6 Rh7 29. Nd4 Qb6 30. Rg3 Rxh6 31. Nxb5 Rxh4 32. Bxh4 Qxb5 33. Bf6 Ba6 34. Kd1 f4 35. Rgc3 d4 36. Rf3 Nd5 37. Kc2 Qxc6+ 38. Kb1 Qb6 39. e6 Nc3+ 40. Ka1 Qxe6 41. Qxf4+ Ka8 42. bxc3 Qb3 43. cxd4 Bd3 44. Rxd3 Qxd3 45. Qg3 1-0

[Event "USA tt final"]
[Site "ICC INT"]
[Date "2009.12.07"]
[Round "1"]
[White "Charbonneau, Pascal"]
[Black "Lugo, Blas"]
[Result "1/2-1/2"]
[WhiteElo "2509"]
[BlackElo "2380"]
[PlyCount "116"]
[GameId "1166652256919552"]
[EventDate "2009.08.31"]
[EventType "team-match"]
[EventRounds "1"]
[EventCountry "USA"]
[SourceTitle "EXT 2011"]
[Source "ChessBase"]
[SourceDate "2011.11.26"]
[SourceVersion "1"]
[SourceVersionDate "2011.11.26"]
[SourceQuality "1"]

1. e4 e5 2. Nf3 Nc6 3. d4 exd4 4. Nxd4 Bc5 5. Be3 Bb6 6. Nf5 Bxe3 7. Nxe3 d6 8. Nc3 Nge7 9. g3 O-O 10. Bg2 f5 11. O-O Kh8 12. exf5 Nxf5 13. Ncd5 Nxe3 14. Nxe3 Be6 15. f4 Qd7 16. Qh5 a6 17. Rae1 g6 18. Qd1 Rae8 19. c3 Qf7 20. b3 Qg7 21. Qd2 Re7 22. h3 Rfe8 23. g4 Bf7 24. g5 Be6 25. Kh2 Kg8 26. Ng4 Bxg4 27. hxg4 Rxe1 28. Rxe1 Rxe1 29. Qxe1 Qd7 30. Kg3 Nd8 31. Bd5+ Kf8 32. Qe3 c6 33. Bf3 Ne6 34. f5 gxf5 35. gxf5 Ng7 36. Qf4 Qxf5 37. Qxd6+ Kf7 38. Qf4 Kg6 39. Qxf5+ Kxf5 40. Kh4 Kf4 41. Bg4 a5 42. Bc8 b6 43. Bd7 c5 44. a3 Kf3 45. Bc6+ Ke3 46. Kg4 Kd3 47. Bd5 Kxc3 48. a4 Kb4 49. Bf7 b5 50. axb5 Kxb5 51. Kf4 a4 52. bxa4+ Kxa4 53. Ke5 Kb4 54. Bg8 c4 55. Bxh7 c3 56. Bd3 Kb3 57. g6 c2 58. Bxc2+ Kxc2 1/2-1/2

[Event "USA tt final playoff"]
[Site "ICC INT"]
[Date "2009.12.07"]
[Round "1"]
[White "Charbonneau, Pascal"]
[Black "Moreno, Alejandro"]
[Result "0-1"]
[WhiteElo "2509"]
[BlackElo "2391"]
[PlyCount "86"]
[GameId "1166652256935936"]
[EventDate "2009.08.31"]
[EventType "team-match"]
[EventRounds "3"]
[EventCountry "USA"]
[SourceTitle "EXT 2011"]
[Source "ChessBase"]
[SourceDate "2011.11.26"]
[SourceVersion "1"]
[SourceVersionDate "2011.11.26"]
[SourceQuality "1"]

1. e4 e5 2. Nf3 Nc6 3. d4 exd4 4. Nxd4 Nf6 5. Nxc6 bxc6 6. e5 Qe7 7. Qe2 Nd5 8. c4 Nb6 9. Nc3 Qe6 10. Qe4 Ba6 11. b3 Bb4 12. Bd2 Bxc3 13. Bxc3 d5 14. Qf3 dxc4 15. Be2 O-O 16. O-O Rfe8 17. Rfe1 Rad8 18. Rac1 Bb7 19. bxc4 Ba6 20. Qf4 Bxc4 21. Bg4 Qe7 22. h4 Be6 23. Bb4 Qxh4 24. Re4 Nd5 25. Qf3 Qg5 26. Rc5 Nxb4 27. Rxb4 Bd5 28. e6 fxe6 29. Qg3 Kh8 30. Qxc7 Rf8 31. Qg3 Qd2 32. Rb7 Qe1+ 33. Kh2 Qxf2 34. Ra5 Ra8 35. Bh3 Qxg3+ 36. Kxg3 a6 37. Re7 Rae8 38. Rc7 e5 39. Rxa6 e4 40. Raa7 e3 41. Rxg7 Rg8 42. Rxg8+ Rxg8+ 43. Kh2 Re8 0-1

[Event "USA tt sf"]
[Site "ICC INT"]
[Date "2009.11.18"]
[Round "1"]
[White "Charbonneau, Pascal"]
[Black "Ippolito, Dean"]
[Result "1/2-1/2"]
[WhiteElo "2509"]
[BlackElo "2455"]
[PlyCount "98"]
[GameId "1166652256964608"]
[EventDate "2009.08.31"]
[EventType "team-match"]
[EventRounds "1"]
[EventCountry "USA"]
[SourceTitle "EXT 2010"]
[Source "ChessBase"]
[SourceDate "2009.11.30"]
[SourceVersion "1"]
[SourceVersionDate "2009.11.30"]
[SourceQuality "1"]

1. e4 e5 2. Nf3 Nf6 3. Nc3 Nc6 4. Bb5 Nd4 5. Bc4 Bc5 6. Nxe5 Qe7 7. Nf3 d5 8. Bxd5 Bg4 9. d3 O-O-O 10. Bc4 Nxe4 11. Nxe4 f5 12. Bg5 Qe8 13. Nxd4 Bxd1 14. Nxf5 Bg4 15. O-O Bxf5 16. Nxc5 Rd6 17. Rfe1 Qc6 18. Re5 Bg6 19. b4 Re8 20. Rae1 b5 21. Rxe8+ Bxe8 22. Be6+ Kb8 23. Bg4 Bf7 24. Re7 Qd5 25. h4 a5 26. Nd7+ Rxd7 27. Rxd7 Qxa2 28. Bf4 Be6 29. Bxe6 Qxe6 30. Rxc7 Qg4 31. Rf7+ Ka8 32. bxa5 Qd1+ 33. Kh2 Qxc2 34. a6 Qxd3 35. Rxg7 b4 36. Rb7 b3 37. Be5 Qe4 38. f4 Qe3 39. Rxh7 Qf2 40. Kh3 Qe3+ 41. g3 Qe4 42. Rb7 Qf5+ 43. Kg2 Qe4+ 44. Kf2 Qc2+ 45. Kf3 Qd3+ 46. Kf2 Qd2+ 47. Kf3 Qd3+ 48. Kf2 Qd2+ 49. Kf3 Qd3+ 1/2-1/2

[Event "USA tt qual"]
[Site "ICC INT"]
[Date "2009.11.11"]
[Round "1"]
[White "Perelshteyn, Eugene"]
[Black "Charbonneau, Pascal"]
[Result "0-1"]
[WhiteElo "2534"]
[BlackElo "2509"]
[PlyCount "130"]
[GameId "1166652610842624"]
[EventDate "2009.11.11"]
[EventType "team-tourn"]
[EventRounds "1"]
[EventCountry "USA"]
[SourceTitle "EXT 2010"]
[Source "ChessBase"]
[SourceDate "2009.11.30"]
[SourceVersion "1"]
[SourceVersionDate "2009.11.30"]
[SourceQuality "1"]

1. d4 Nf6 2. c4 e6 3. Nc3 Bb4 4. g3 O-O 5. Bg2 d5 6. Nf3 dxc4 7. O-O Nc6 8. a3 Be7 9. e3 Na5 10. Qe2 Rb8 11. Rd1 b5 12. e4 Nb3 13. Rb1 Nxc1 14. Rbxc1 c6 15. Ne5 Qc7 16. f4 Re8 17. Qc2 a6 18. Nxf7 Kxf7 19. e5 Kg8 20. exf6 gxf6 21. Ne4 c5 22. d5 exd5 23. Rxd5 f5 24. Ng5 Bxg5 25. fxg5 Be6 26. Qc3 Rbd8 27. Re1 Bf7 28. Rxe8+ Rxe8 29. Rxf5 Qd6 30. Rf4 b4 31. Qc1 c3 32. bxc3 b3 33. Rf2 c4 34. Bf1 Qc5 35. Qd2 Rf8 36. Bh3 Bd5 37. Kf1 Rxf2+ 38. Qxf2 Qxf2+ 39. Kxf2 b2 40. Bf5 Bf7 41. Bb1 Bg6 42. Ba2 b1=Q 43. Bxb1 Bxb1 44. Ke3 Kf7 45. Kd4 Kg6 46. h4 Kf5 47. Kxc4 Kg4 48. Kd5 Bg6 49. Ke6 Kxg3 50. c4 Kxh4 51. Kf6 Kh5 52. c5 Be4 53. Ke5 Bc6 54. Kf5 a5 55. Kf6 a4 56. Kf5 Be8 57. Kf6 Kg4 58. Ke7 Bc6 59. Kf6 Kf4 60. g6 hxg6 61. Kxg6 Ke5 62. Kg5 Kd4 63. Kf4 Kxc5 64. Ke3 Kc4 65. Kd2 Kb3 0-1

[Event "USA tt"]
[Site "ICC INT"]
[Date "2010.09.20"]
[Round "5"]
[White "Charbonneau, Pascal"]
[Black "Kaufman, Larry C"]
[Result "1-0"]
[WhiteElo "2513"]
[BlackElo "2413"]
[PlyCount "97"]
[GameId "1166653493870592"]
[EventDate "2010.08.23"]
[EventType "team"]
[EventRounds "10"]
[EventCountry "USA"]
[SourceTitle "CBM 138 Extra"]
[Source "ChessBase"]
[SourceDate "2010.10.29"]
[SourceVersion "1"]
[SourceVersionDate "2010.10.29"]
[SourceQuality "1"]

1. e4 c6 2. d4 d5 3. e5 Bf5 4. Nf3 e6 5. Be2 c5 6. Be3 Qb6 7. c4 Qxb2 8. Nbd2 Nc6 9. cxd5 cxd4 10. Nc4 Qc2 11. dxc6 Qxd1+ 12. Rxd1 dxe3 13. Nd6+ Bxd6 14. exd6 bxc6 15. d7+ Kd8 16. Ne5 Nh6 17. Nxc6+ Kc7 18. d8=Q+ Rhxd8 19. Nxd8 Rxd8 20. Rxd8 exf2+ 21. Kxf2 Kxd8 22. Rc1 Ng8 23. Rc4 Ne7 24. Bf3 Nc8 25. Rb4 Nb6 26. a4 Kc7 27. a5 Nd5 28. Bxd5 exd5 29. Ke3 Bc8 30. Kd4 Kc6 31. Rb8 Kc7 32. Rb3 Be6 33. Kc5 g6 34. Rb4 h5 35. g3 d4 36. Rxd4 Bd7 37. Rf4 Be6 38. Rb4 Bc8 39. Kd5 Be6+ 40. Ke5 Kc6 41. a6 Kc5 42. Rb7 Bc4 43. Rxa7 Kb6 44. Re7 Kxa6 45. Kf6 Kb6 46. Rxf7 Bxf7 47. Kxf7 g5 48. Kg6 h4 49. g4 1-0

[Event "USA tt"]
[Site "ICC INT"]
[Date "2010.09.27"]
[Round "6"]
[White "Gonzalez, Renier"]
[Black "Charbonneau, Pascal"]
[Result "1/2-1/2"]
[WhiteElo "2478"]
[BlackElo "2513"]
[PlyCount "165"]
[GameId "1166653494018048"]
[EventDate "2010.08.23"]
[EventType "team"]
[EventRounds "10"]
[EventCountry "USA"]
[SourceTitle "CBM 138 Extra"]
[Source "ChessBase"]
[SourceDate "2010.10.29"]
[SourceVersion "1"]
[SourceVersionDate "2010.10.29"]
[SourceQuality "1"]

1. e4 c5 2. Nf3 e6 3. d3 Nc6 4. g3 g6 5. Bg2 Bg7 6. O-O Nge7 7. Nbd2 O-O 8. Nh4 e5 9. c3 Kh8 10. a3 d6 11. b4 cxb4 12. axb4 b5 13. Nb3 Be6 14. Na5 a6 15. Nxc6 Nxc6 16. Be3 a5 17. bxa5 Rxa5 18. Rb1 Ra3 19. Bd2 Qa5 20. Nf3 h6 21. Ne1 Qa4 22. Qc1 Rc8 23. Qd1 Ra2 24. Nf3 Na5 25. Rb4 Qxd1 26. Rxd1 Bb3 27. Rc1 Ba4 28. Be1 Nb3 29. Rb1 Nc5 30. Bf1 Bc2 31. R1b2 Rxb2 32. Rxb2 Bxd3 33. Bxd3 Nxd3 34. Rxb5 Nxe1 35. Nxe1 Rxc3 36. f3 Bf8 37. Kf2 Kg7 38. Rb2 Be7 39. Ke2 Bd8 40. Rd2 Rc6 41. Rc2 Ra6 42. Nd3 Bb6 43. Kf1 Ra3 44. Rd2 Be3 45. Rd1 Ra2 46. Re1 Bd4 47. Re2 Ra3 48. Rd2 f5 49. Ke2 Kf6 50. h3 Ke6 51. Rc2 Ra1 52. Nc1 Bb6 53. g4 fxe4 54. fxe4 Ra4 55. Kf3 Ra3+ 56. Kg2 Re3 57. Re2 Rc3 58. Na2 Rb3 59. Nc1 Ra3 60. Na2 Be3 61. Rc2 Bf4 62. Nc3 Be3 63. Nd5 Bc5 64. Rb2 Ra7 65. Kf3 Kd7 66. Kg2 Kc6 67. Kf3 h5 68. gxh5 gxh5 69. Kg3 Ra4 70. Re2 Ra3+ 71. Kh4 Rf3 72. Rb2 Bd4 73. Rc2+ Kb5 74. Kxh5 Rxh3+ 75. Kg4 Rh1 76. Kf5 Bc5 77. Ke6 Rf1 78. Nc7+ Kb4 79. Na6+ Kb3 80. Nxc5+ Kxc2 81. Kxd6 Re1 82. Kxe5 Rxe4+ 83. Nxe4 1/2-1/2

[Event "USA tt qf"]
[Site "ICC INT"]
[Date "2010.11.01"]
[Round "1"]
[White "Charbonneau, Pascal"]
[Black "Hungaski, Robert Andrew"]
[Result "0-1"]
[WhiteElo "2511"]
[BlackElo "2451"]
[PlyCount "84"]
[GameId "1166653804503040"]
[EventDate "2010.11.01"]
[EventType "team-match"]
[EventRounds "1"]
[EventCountry "USA"]
[SourceTitle "EXT 2011"]
[Source "ChessBase"]
[SourceDate "2011.11.26"]
[SourceVersion "1"]
[SourceVersionDate "2011.11.26"]
[SourceQuality "1"]
[WhiteTeam "New York"]
[BlackTeam "New England"]
[WhiteTeamCountry "USA"]
[BlackTeamCountry "USA"]

1. e4 d5 2. exd5 Qxd5 3. Nc3 Qa5 4. Rb1 Nc6 5. Nf3 Nf6 6. Bb5 Bg4 7. b4 Qb6 8. h3 Bxf3 9. Qxf3 O-O-O 10. Bxc6 Qxc6 11. Qxc6 bxc6 12. d3 Nd5 13. Ne4 e5 14. a3 a6 15. Bb2 f6 16. O-O Be7 17. Rfe1 Rhe8 18. d4 exd4 19. Bxd4 Bf8 20. c3 Re6 21. Nd2 Rde8 22. Rxe6 Rxe6 23. Kf1 Nb6 24. c4 Rd6 25. Be3 Rd3 26. Ra1 Rc3 27. c5 Nd5 28. Ke2 a5 29. Ne4 Rb3 30. bxa5 Nxe3 31. fxe3 f5 32. Rf1 g6 33. Nd2 Rxa3 34. e4 Bh6 35. Nc4 Rc3 36. Ne5 Rxc5 37. Nf7 Bg7 38. a6 Ra5 39. exf5 gxf5 40. Ng5 h6 41. Ne6 Re5+ 42. Kd3 Rxe6 0-1

[Event "USA tt"]
[Site "ICC INT"]
[Date "2011.09.06"]
[Round "2"]
[White "Charbonneau, Pascal"]
[Black "Yedidia, Jonathan"]
[Result "1-0"]
[WhiteElo "2517"]
[BlackElo "2385"]
[PlyCount "77"]
[GameId "1166654715052032"]
[EventDate "2011.08.29"]
[EventType "team-tourn"]
[EventRounds "10"]
[EventCountry "USA"]
[SourceTitle "CBM 144 Extra"]
[Source "ChessBase"]
[SourceDate "2011.10.28"]
[SourceVersion "1"]
[SourceVersionDate "2011.10.28"]
[SourceQuality "1"]
[WhiteTeam "New York Knights"]
[BlackTeam "New England"]
[WhiteTeamCountry "USA"]
[BlackTeamCountry "USA"]

1. e4 e5 2. Nf3 Nc6 3. Bb5 Nf6 4. O-O Nxe4 5. d4 Nd6 6. Bxc6 dxc6 7. dxe5 Nf5 8. Qxd8+ Kxd8 9. Nc3 h6 10. b3 Bd7 11. Bb2 Ne7 12. Rad1 Kc8 13. Rfe1 c5 14. Ne2 Nc6 15. Nf4 Nd8 16. e6 Nxe6 17. Ne5 Be8 18. Nxf7 Bxf7 19. Nxe6 Bd6 20. Nxg7 Kd7 21. Be5 Kc6 22. Bxd6 cxd6 23. Re7 Bg6 24. c4 Rh7 25. Re6 Rxg7 26. Rdxd6+ Kc7 27. Rxg6 Re7 28. Rde6 Rd7 29. h4 Rf8 30. Rxh6 Rd1+ 31. Kh2 Rxf2 32. Rh7+ Rd7 33. Ree7 Rxe7 34. Rxe7+ Kb6 35. h5 Rxa2 36. h6 Rf2 37. h7 Rf8 38. g4 Ka5 39. g5 1-0

[Event "USA tt"]
[Site "ICC INT"]
[Date "2011.10.03"]
[Round "6"]
[White "Charbonneau, Pascal"]
[Black "Akobian, Varuzhan"]
[Result "1-0"]
[WhiteElo "2517"]
[BlackElo "2610"]
[PlyCount "79"]
[GameId "1166654715559936"]
[EventDate "2011.08.29"]
[EventType "team-tourn"]
[EventRounds "10"]
[EventCountry "USA"]
[SourceTitle "CBM 144 Extra"]
[Source "ChessBase"]
[SourceDate "2011.10.28"]
[SourceVersion "1"]
[SourceVersionDate "2011.10.28"]
[SourceQuality "1"]
[WhiteTeam "New York Knights"]
[BlackTeam "Seattle"]
[WhiteTeamCountry "USA"]
[BlackTeamCountry "USA"]

1. e4 e6 2. d4 d5 3. Nd2 Nf6 4. e5 Nfd7 5. c3 c5 6. f4 Nc6 7. Ndf3 Qb6 8. a3 cxd4 9. cxd4 Na5 10. Ne2 Nb3 11. Rb1 Nxc1 12. Qxc1 Be7 13. Nc3 O-O 14. Bd3 f6 15. Qe3 fxe5 16. fxe5 Rf7 17. h4 Nf8 18. Ng5 Bxg5 19. hxg5 g6 20. Rf1 Rxf1+ 21. Kxf1 Bd7 22. Kg1 Bc6 23. b4 a6 24. a4 Rc8 25. b5 axb5 26. axb5 Be8 27. Na4 Qa7 28. Nc5 b6 29. Na6 Qe7 30. Be2 h6 31. gxh6 Nh7 32. Bg4 Bf7 33. Nb4 Rc4 34. Nc6 Qh4 35. Qf4 Ng5 36. Rf1 Qxh6 37. Nd8 Rc7 38. Nxf7 Nxf7 39. Bxe6 Qg7 40. Bxd5 1-0

[Event "USA tt"]
[Site "ICC INT"]
[Date "2011.10.17"]
[Round "8"]
[White "Charbonneau, Pascal"]
[Black "Bartell, Thomas"]
[Result "1/2-1/2"]
[WhiteElo "2517"]
[BlackElo "2342"]
[PlyCount "86"]
[GameId "1166654715842560"]
[EventDate "2011.08.29"]
[EventType "team-tourn"]
[EventRounds "10"]
[EventCountry "USA"]
[SourceTitle "CBM 144 Extra"]
[Source "ChessBase"]
[SourceDate "2011.10.28"]
[SourceVersion "1"]
[SourceVersionDate "2011.10.28"]
[SourceQuality "1"]
[WhiteTeam "New York Knights"]
[BlackTeam "Philadelphia Inventors"]
[WhiteTeamCountry "USA"]
[BlackTeamCountry "USA"]

1. e4 c6 2. d4 d5 3. e5 Bf5 4. Nf3 e6 5. Be2 c5 6. Be3 cxd4 7. Nxd4 Ne7 8. Nd2 Nbc6 9. N2f3 Bg4 10. O-O Bxf3 11. Nxf3 Ng6 12. c4 dxc4 13. Qa4 Qa5 14. Qxc4 Be7 15. Qb3 Rb8 16. Qb5 a6 17. Qxa5 Nxa5 18. Rfc1 O-O 19. Bd2 Nc6 20. Bxa6 bxa6 21. Rxc6 Rxb2 22. Be3 a5 23. Ra6 Rb5 24. Nd4 Rxe5 25. Nc6 Rd5 26. Nxa5 Ne5 27. h3 Bb4 28. Nc6 Nxc6 29. Rxc6 h5 30. a4 Rfd8 31. Kf1 Rd1+ 32. Rxd1 Rxd1+ 33. Ke2 Ra1 34. Ra6 Ra2+ 35. Kf3 Ra3 36. Ke4 Ra2 37. Ra8+ Kh7 38. Bb6 Be1 39. Kf3 e5 40. a5 e4+ 41. Kxe4 Bxf2 42. Bxf2 Rxf2 43. g3 Ra2 1/2-1/2

[Event "USA tt"]
[Site "ICC INT"]
[Date "2011.11.02"]
[Round "10"]
[White "Charbonneau, Pascal"]
[Black "Erenburg, Sergey"]
[Result "1/2-1/2"]
[WhiteElo "2517"]
[BlackElo "2616"]
[PlyCount "49"]
[GameId "1166654716088320"]
[EventDate "2011.08.29"]
[EventType "team-tourn"]
[EventRounds "10"]
[EventCountry "USA"]
[SourceTitle "EXT 2012"]
[Source "ChessBase"]
[SourceDate "2011.11.24"]
[SourceVersion "1"]
[SourceVersionDate "2011.11.24"]
[SourceQuality "1"]
[WhiteTeam "New York Knights"]
[BlackTeam "Philadelphia Inventors"]
[WhiteTeamCountry "USA"]
[BlackTeamCountry "USA"]

1. e4 e5 2. Nf3 Nc6 3. Bc4 Bc5 4. b4 Bxb4 5. c3 Be7 6. d4 Na5 7. Nxe5 Nxc4 8. Nxc4 d5 9. exd5 Qxd5 10. Ne3 Qd8 11. O-O Nf6 12. c4 O-O 13. Bb2 Re8 14. Qf3 c6 15. Rd1 Qb6 16. Bc3 Bb4 17. h3 Bxc3 18. Nxc3 Qa5 19. Ne2 Qh5 20. Qxh5 Nxh5 21. d5 Bd7 22. Nd4 c5 23. Ne2 Nf6 24. Nc3 Ne4 25. Rdc1 1/2-1/2

[Event "USA tt"]
[Site "ICC INT"]
[Date "2013.09.03"]
[Round "2"]
[White "Charbonneau, Pascal"]
[Black "Hungaski, Robert Andrew"]
[Result "1-0"]
[WhiteElo "2505"]
[BlackElo "2471"]
[PlyCount "109"]
[GameId "1166657295970304"]
[EventDate "2013.08.27"]
[EventType "team-tourn"]
[EventRounds "10"]
[EventCountry "USA"]
[SourceTitle "CBM 156 Extra"]
[Source "ChessBase"]
[SourceDate "2013.10.22"]
[SourceVersion "1"]
[SourceVersionDate "2013.10.22"]
[SourceQuality "1"]
[WhiteTeam "New York"]
[BlackTeam "Manhattan"]
[WhiteTeamCountry "USA"]
[BlackTeamCountry "USA"]

1. Nf3 Nf6 2. g3 d5 3. Bg2 e6 4. O-O Be7 5. b3 c5 6. Bb2 O-O 7. c4 d4 8. e3 Nc6 9. exd4 cxd4 10. Re1 Ne8 11. d3 f6 12. Na3 e5 13. Nc2 Nc7 14. a3 Rb8 15. Nd2 Bf5 16. Ne4 Qd7 17. Rc1 a6 18. b4 Bg4 19. f3 Bh5 20. Qd2 f5 21. Nf2 Kh8 22. f4 exf4 23. Qxf4 Bf6 24. a4 g5 25. Qd2 Ne6 26. Nh3 h6 27. Rf1 Bg7 28. Rce1 b5 29. Bd5 Ned8 30. axb5 axb5 31. Nxg5 hxg5 32. Qxg5 Bf7 33. Rxf5 bxc4 34. dxc4 Bxd5 35. Rxf8+ Bxf8 36. cxd5 Bg7 37. Qh5+ Kg8 38. Re8+ Bf8 39. Qg6+ Qg7 40. Qxg7+ Kxg7 41. dxc6 Nxc6 42. Rxb8 Nxb8 43. Bxd4+ Kg6 44. b5 Kf5 45. Kg2 Ke4 46. Bf2 Nd7 47. h4 Bd6 48. b6 Kd5 49. Ne3+ Kc6 50. Nc4 Bb8 51. h5 Kb5 52. Nd2 Nxb6 53. Bxb6 Kxb6 54. h6 Kc5 55. Nf3 1-0

[Event "USA tt"]
[Site "ICC INT"]
[Date "2013.09.11"]
[Round "3"]
[White "Charbonneau, Pascal"]
[Black "Shankland, Samuel L"]
[Result "1/2-1/2"]
[WhiteElo "2505"]
[BlackElo "2591"]
[PlyCount "70"]
[GameId "1166657296117760"]
[EventDate "2013.08.27"]
[EventType "team-tourn"]
[EventRounds "10"]
[EventCountry "USA"]
[SourceTitle "CBM 156 Extra"]
[Source "ChessBase"]
[SourceDate "2013.10.22"]
[SourceVersion "1"]
[SourceVersionDate "2013.10.22"]
[SourceQuality "1"]
[WhiteTeam "New York"]
[BlackTeam "New England"]
[WhiteTeamCountry "USA"]
[BlackTeamCountry "USA"]

1. Nf3 c5 2. c4 Nf6 3. g3 Nc6 4. Bg2 d5 5. O-O e5 6. cxd5 Nxd5 7. Nc3 Nc7 8. a3 Rb8 9. Rb1 f6 10. Ne1 Be7 11. b4 Bf5 12. Nc2 O-O 13. d3 Qd7 14. bxc5 Bxc5 15. Ne4 Be7 16. Be3 Nd5 17. Bd2 b6 18. Nb4 Ncxb4 19. axb4 Rbc8 20. b5 Rc7 21. Qb3 Be6 22. Qb2 Rfc8 23. Rfc1 h6 24. Rxc7 Rxc7 25. Nc3 Bc5 26. Nxd5 Bxd5 27. Bxd5+ Qxd5 28. Rc1 e4 29. dxe4 Qxe4 30. Be3 Qd5 31. Qb1 Qf7 32. Rd1 Rd7 33. Rc1 Rc7 34. Rd1 Rd7 35. Rc1 Rc7 1/2-1/2